000
00297nam a22001337a 4500
008
181015b xxu||||| |||| 00| 0 eng d
020
_a
9780618216017
041
_a
eng
080
_2
7 ed
_a
159.9
100
_a
49
101
_a
PSI
245
_a
Thinking Criticality
_c
John.CH
942
_2
udc
_c
BK
999
_c
49643
_d
49643